[Event "Berlin-ch Seniors op 27th"]
[Site "Berlin"]
[Date "2011.02.04"]
[Round "7"]
[White "Koeckeritz, Dieter"]
[Black "Krempelsetzer, Klaus"]
[Result "1-0"]
[WhiteElo "1530"]
[BlackElo "1734"]
[PlyCount "71"]
[EventDate "2011.01.29"]
[EventType "swiss"]
[EventRounds "9"]
[EventCountry "GER"]
[SourceTitle "EXT 2012"]
[Source "ChessBase"]
[SourceDate "2011.11.24"]
[SourceVersion "1"]
[SourceVersionDate "2011.11.24"]
[SourceQuality "1"]

1. e4 c5 2. Nc3 Nc6 3. f4 d6 4. Nf3 g6 5. Bb5 Bg7 6. d4 cxd4 7. Nxd4 Bd7 8. Nxc6 Bxc6 9. Bxc6+ bxc6 10. 0-0 Bxc3 11. bxc3 Nf6 12. Qf3 d5 13. exd5 cxd5 14. c4 dxc4 15. Qc6+ Nd7 16. Kh1 Rc8 17. Qd5 Nf6 18. Qf3 Qd5 19. Qc3 Rg8 20. Ba3 Ne4 21. Qh3 f5 22. Qe3 Rc7 23. Rad1 Qc6 24. Rfe1 Qb6 25. Rd4 Kf7 26. Rxe4 fxe4 27. Qxe4 e6 28. Qe5 c3 29. Bd6 Rc6 30. Qxe6+ Kg7 31. Be5+ Kf8 32. Bd6+ Kg7 33. Qe7+ Kh6 34. Qh4+ Kg7 35. Re7+ Kf8 36. Qh6+ 1-0

[Event "Berlin-ch Seniors op 26th"]
[Site "Berlin"]
[Date "2010.02.16"]
[Round "8"]
[White "Krempelsetzer, Klaus"]
[Black "Legler, Roland"]
[Result "1-0"]
[WhiteElo "1716"]
[BlackElo "1575"]
[PlyCount "45"]
[EventDate "2010.02.09"]
[EventType "swiss"]
[EventRounds "9"]
[EventCountry "GER"]
[SourceTitle "EXT 2012"]
[Source "ChessBase"]
[SourceDate "2011.11.24"]
[SourceVersion "1"]
[SourceVersionDate "2011.11.24"]
[SourceQuality "1"]

1. Nf3 Nf6 2. g3 e6 3. c4 b6 4. Bg2 Ba6 5. Ne5 c6 6. d4 d5 7. cxd5 cxd5 8. Qa4+ Nfd7 9. e4 Bb7 10. exd5 exd5 11. 0-0 f6 12. Nxd7 Qxd7 13. Re1+ Be7 14. Qxd7+ Nxd7 15. Nc3 Kf7 16. Nxd5 Bd6 17. Bf4 Bxf4 18. Re7+ Kf8 19. Rxd7 Bxd5 20. Bxd5 Ke8 21. Bc6 Rc8 22. Re1+ Be5 23. Rc7+ 1-0

[Event "Berlin-ch Seniors op 26th"]
[Site "Berlin"]
[Date "2010.02.12"]
[Round "4"]
[White "Krempelsetzer, Klaus"]
[Black "Engelhardt, Erhard"]
[Result "1/2-1/2"]
[WhiteElo "1716"]
[BlackElo "1589"]
[PlyCount "63"]
[EventDate "2010.02.09"]
[EventType "swiss"]
[EventRounds "9"]
[EventCountry "GER"]
[SourceTitle "EXT 2012"]
[Source "ChessBase"]
[SourceDate "2011.11.24"]
[SourceVersion "1"]
[SourceVersionDate "2011.11.24"]
[SourceQuality "1"]

1. Nf3 b6 2. g3 Bb7 3. Bg2 f5 4. c4 Nf6 5. Nc3 e6 6. 0-0 Be7 7. d4 0-0 8. Bf4 Nh5 9. Bd2 Nf6 10. Ne5 Bxg2 11. Kxg2 d6 12. Nd3 c5 13. e3 Na6 14. a3 Qc8 15. b3 Nc7 16. b4 Qd7 17. Qf3 Rfd8 18. d5 e5 19. e4 fxe4 20. Nxe4 Nxe4 21. Qxe4 Rf8 22. f4 exf4 23. Nxf4 Bf6 24. Rae1 Be5 25. Qd3 Rae8 26. Bc3 Bxf4 27. Rxe8 Nxe8 28. Rxf4 Rxf4 29. gxf4 Qg4+ 30. Qg3 Qe2+ 31. Kh3 Qh5+ 32. Kg2 1/2-1/2